000 00513nam a2200181Ia 4500
999 _c14964
_d14964
082 _a302.0724 HUM;
245 0 _aHuman social behavior: a contemporary view of experimental research
260 _aHomewood
_bDorsey Press
_c1971
300 _a559p.
504 _aIncludes index
650 _aHuman behaviour - Research
650 _aInterpersonal relations
650 _aSocial psychology
650 _aInterpersonal attraction
700 _aLiebert, Robert M.
700 _aBaron, Robert A.
942 _cBK